Quiz book on fluid mechanics, gas dynamics and hydraulic machines (Record no. 79942)
[ view plain ]
| 000 -LEADER | |
|---|---|
| fixed length control field | 00862nam a2200181 a 4500 |
| 008 - FIXED-LENGTH DATA ELEMENTS--GENERAL INFORMATION | |
| fixed length control field | 080221s1990 ||||||||||||||||| || u |
| 050 ## - LIBRARY OF CONGRESS CALL NUMBER | |
| Classification number | TA 357 Pra |
| 100 ## - MAIN ENTRY--PERSONAL NAME | |
| Personal name | Prasad, S |
| 245 10 - TITLE STATEMENT | |
| Title | Quiz book on fluid mechanics, gas dynamics and hydraulic machines |
| Statement of responsibility, etc. | S. Prasad |
| 260 ## - PUBLICATION, DISTRIBUTION, ETC. | |
| Place of publication, distribution, etc. | New Delhi |
| Name of publisher, distributor, etc. | Khanna Publishers |
| Date of publication, distribution, etc. | 1990 |
| 300 ## - PHYSICAL DESCRIPTION | |
| Extent | 438p. |
| 350 ## - | |
| -- | 0.00 |
| 650 ## - SUBJECT ADDED ENTRY--TOPICAL TERM | |
| Topical term or geographic name entry element | HYDROMECHANICS--PROBLEMS, EXERCISES, ETC |
| 650 ## - SUBJECT ADDED ENTRY--TOPICAL TERM | |
| Topical term or geographic name entry element | MECHANICS |
| 650 ## - SUBJECT ADDED ENTRY--TOPICAL TERM | |
| Topical term or geographic name entry element | FLUID MECHANICS--PROBLEMS, EXERCISES, ETC., GAS DYNAMICS--PROBLEMS, EXERCISES, ETC |
| 995 ## - | |
| -- | BINDERY (DAMAGED) |
| -- | 0.00 |
| -- | 738505 |
| -- | CBU-MAIN LIBRARY (Kitwe) |
| -- | 1 |
| -- | 0.00 |
| -- | TA 357 Pra |
| -- | 1 |
| -- | DAMAGED |
| -- | Feb 21, 2008 |
| -- | 738505 |
| -- | Main Library Open Access Collection |
| 995 ## - | |
| -- | BINDERY (DAMAGED) |
| -- | 0.00 |
| -- | 738506 |
| -- | CBU-MAIN LIBRARY (Kitwe) |
| -- | 1 |
| -- | 0.00 |
| -- | TA 357 Pra |
| -- | 2 |
| -- | DAMAGED |
| -- | Feb 21, 2008 |
| -- | 738506 |
| -- | Main Library Open Access Collection |
| 999 ## - | |
| -- | 79942 |
| -- | 79942 |
| Withdrawn status | Lost status | Source of classification or shelving scheme | Damaged status | Not for loan | Permanent Location | Current Location | Shelving location | Date acquired | Total Checkouts | Full call number | Barcode | Date last seen | Copy number | Price effective from | Koha item type |
|---|---|---|---|---|---|---|---|---|---|---|---|---|---|---|---|
| CBU-MAIN LIBRARY, KITWE. | CBU-MAIN LIBRARY, KITWE. | 06/29/2023 | TA 357 Pra | 738505 | 06/29/2023 | 1 | 06/29/2023 | MONOGRAPH | |||||||
| CBU-MAIN LIBRARY, KITWE. | CBU-MAIN LIBRARY, KITWE. | 06/29/2023 | TA 357 Pra | 738506 | 06/29/2023 | 2 | 06/29/2023 | MONOGRAPH |